00470nam a2200193 a 4500001001300000003000900013005001700022008004100039020001000080082001300090100001900103245002800122260003400150300000800184500003500192505001100227650001900238700001900257nice12345678IN_TiNIC20260116011636.0050524s1970 lona grp 000 0 eng  ac10000a270bHUE aHuelin, Gordon aChurch and the Churches aLondon bSheldon Press c1970 a86p aincludes index and biblioraphy2 aNodtes aChurch-History1 aHuelin, Gordon